| 000 | 00967nam a22002057a 4500 | ||
|---|---|---|---|
| 005 | 20250926140509.0 | ||
| 008 | s2543 th tha d | ||
| 041 | _atha | ||
| 050 | _aHV1444 ว432ส 2543 | ||
| 100 | 0 |
_aวันทนีย์ วาสิกะสิน _96369 |
|
| 245 | 1 | 0 | _aสังคมสงเคราะห์แนวสตรีนิยม ทฤษฎีและการปฏิบัติงาน |
| 260 | 3 |
_aกรุงเทพฯ : _bสำนักพิมพ์มหาวิทยาลัยธรรมศาสตร์, _c2543 |
|
| 300 |
_a189 หน้า ; _b 21 ซม. |
||
| 650 | 0 | 4 | _aสตรี -- การสงเคราะห์ |
| 650 | 0 | 4 | _aสังคมสงเคราะห์สำหรับสตรี |
| 850 | _aNALT | ||
| 942 |
_cGB _07 |
||
| 997 | _c000000000011252 | ||
| 998 |
_aSAIPHON DEENGAM _j8 _k นายบัณฑิต อุทาวงค์ |
||
| 999 |
_c11252 _d11252 |
||